000 00944nam a2200301Ia 4500
001 37553
003 IT-RoPAU
008 130308s9999 xx 000 0 und d
040 _aIT-RoPAU
040 _cIT-RoPAU
041 _aINGLESE
100 _aDimaggio Paul
100 _gCodice Aut. SPICS: 17303
245 _aCultural Entrepreneurship in Nineteenth-Century Boston: the Creation of an Organizational Base for High Culture in Ameri
245 _bMedia, Culture And Society-A Critical Reader
250 _a1a ed.
260 _aLONDON
260 _bSage Publications B.H.
260 _c1986 [1° Ed.:1986 - Ed.Ling.Originale:1986]
300 _a"18 p. (prefazione: no ; testo: 18 [pagine: 194-211])"
500 _aCreazione di una Base Organizzativa di Alta Cultura in America
650 _aTEORICHE DEI MASS MEDIA
650 _eCodice materia Spics: 6105
942 _cBK
957 _71
999 _c48366
_d48366
999 _bSI
999 _g1